| 000 | 00729nas a2200253 4500 | ||
|---|---|---|---|
| 001 | BR0202227 | ||
| 003 | BR-BrBNA | ||
| 005 | 20231205102926.0 | ||
| 007 | ta | ||
| 008 | 230509b bl.|||p| |||| 00| 00por d | ||
| 040 |
_aBR-BrBNA _bpor _cBiblioteca Nacional de Agricultura |
||
| 041 | _a(En) | ||
| 072 | _aH20 | ||
| 100 | 1 | _aFreire, F.C.O. | |
| 100 | 1 | _aBezerra, J.L. | |
| 245 | 1 | _aFoliar endophytic fungi of Ceará State (Brazil): a preliminary study | |
| 650 | _aFOLHA | ||
| 650 | _aFUNGO | ||
| 650 | _aMICOLOGIA | ||
| 650 | _aCEARÁ | ||
| 773 | 0 |
_tSumma Phytopathologica (Brazil) _xISSN 0100-5405 _g(Jul-Sep 2001), v. 27(3) p. 304-308 _wBR0202227 |
|
| 909 |
_a202311 _bLúcia _c55 _dLúcia Elande |
||
| 942 |
_2AGRIS _n0 _cANA |
||
| 999 |
_c170094 _d170094 |
||